[Event "Muensterland Verbandsliga 1920"]
[Site "Germany"]
[Date "2020.02.22"]
[Round "7.3"]
[White "Langer, Ralf"]
[Black "Kasubke, Manfred"]
[Result "0-1"]
[WhiteElo "1749"]
[BlackElo "1834"]
[PlyCount "88"]
[EventDate "2019.09.07"]
[EventType "team-tourn"]
[EventRounds "7"]
[EventCountry "GER"]
[SourceTitle "EXT 2023"]
[Source "ChessBase"]
[SourceDate "2022.10.05"]
[SourceVersion "1"]
[SourceVersionDate "2022.10.05"]
[SourceQuality "1"]
[WhiteTeam "Ibbenbueren"]
[BlackTeam "Nordwalde"]
[WhiteTeamCountry "GER"]
[BlackTeamCountry "GER"]

1. d4 f5 2. c4 Nf6 3. Nc3 d6 4. Nf3 g6 5. g3 Bg7 6. Bg2 0-0 7. 0-0 Qe8 8. e4 fxe4 9. Ng5 Bg4 10. Qb3 Nc6 11. Ngxe4 Nxe4 12. Bxe4 Nxd4 13. Qxb7 Rb8 14. Qxa7 Nf3+ 15. Bxf3 Bxf3 16. h3 Rb7 17. Qe3 e5 18. Ne4 h6 19. Qd3 Qe6 20. Kh2 Rb4 21. Be3 Bxe4 22. Qxe4 Rxc4 23. Qd3 e4 24. Qd2 g5 25. Rad1 Ra4 26. b3 Ra6 27. Rc1 c5 28. Rc2 Rfa8 29. Rd1 Be5 30. Rdc1 Kg7 31. Rd1 Kg6 32. Rdc1 R8a7 33. Rd1 Rh7 34. Kg2 Qf6 35. Qe2 Rha7 36. Rdd2 h5 37. Qc4 Qf3+ 38. Kh2 Qf5 39. Qg8+ Rg7 40. Qe8+ Rf7 41. Rd5 Kg7 42. Bxc5 Bxg3+ 43. fxg3 Qxd5 44. Be3 Ra8 0-1

[Event "Muensterland Verbandsliga 1920"]
[Site "Germany"]
[Date "2020.01.11"]
[Round "5.4"]
[White "Dieckmann, Werner"]
[Black "Langer, Ralf"]
[Result "1/2-1/2"]
[WhiteElo "1779"]
[BlackElo "1749"]
[PlyCount "74"]
[EventDate "2019.09.07"]
[EventType "team-tourn"]
[EventRounds "7"]
[EventCountry "GER"]
[SourceTitle "EXT 2023"]
[Source "ChessBase"]
[SourceDate "2022.10.05"]
[SourceVersion "1"]
[SourceVersionDate "2022.10.05"]
[SourceQuality "1"]
[WhiteTeam "Telgte"]
[BlackTeam "Ibbenbueren"]
[WhiteTeamCountry "GER"]
[BlackTeamCountry "GER"]

1. d4 Nf6 2. Nf3 e6 3. Bg5 Be7 4. Nbd2 d5 5. e3 0-0 6. Bd3 c5 7. c3 Nc6 8. 0-0 b6 9. Rc1 Bb7 10. Re1 Rc8 11. Bb1 h6 12. Bh4 Nd7 13. Bxe7 Qxe7 14. e4 dxe4 15. Nxe4 cxd4 16. cxd4 Nf6 17. Qe2 Nb4 18. Nc3 Nbd5 19. Nxd5 Bxd5 20. Rc3 Rxc3 21. bxc3 Rc8 22. Rc1 Qb7 23. Ne1 b5 24. f3 Bc4 25. Qd2 Qd5 26. Nd3 Nd7 27. Nb4 Qd6 28. Bd3 Bxd3 29. Nxd3 e5 30. Qe3 exd4 31. cxd4 Rxc1+ 32. Nxc1 Qe6 33. Qd2 Nb6 34. Kf2 Nc4 35. Qe2 Kf8 36. Nb3 Ke7 37. Qe4 f5 1/2-1/2

[Event "Muensterland Verbandsliga 1920"]
[Site "Germany"]
[Date "2019.11.30"]
[Round "4.3"]
[White "Sparwel, Oliver"]
[Black "Langer, Ralf"]
[Result "1/2-1/2"]
[WhiteElo "1945"]
[BlackElo "1749"]
[PlyCount "85"]
[EventDate "2019.09.07"]
[EventType "team-tourn"]
[EventRounds "7"]
[EventCountry "GER"]
[SourceTitle "EXT 2023"]
[Source "ChessBase"]
[SourceDate "2022.10.05"]
[SourceVersion "1"]
[SourceVersionDate "2022.10.05"]
[SourceQuality "1"]
[WhiteTeam "Suedlohn II"]
[BlackTeam "Ibbenbueren"]
[WhiteTeamCountry "GER"]
[BlackTeamCountry "GER"]

1. d4 d5 2. c4 e6 3. Nf3 c6 4. e3 f5 5. Nc3 Nf6 6. Bd3 Be7 7. Rb1 Ne4 8. Qc2 Nd7 9. b4 Ndf6 10. c5 Bd7 11. 0-0 Nxc3 12. Qxc3 Ne4 13. Qc2 0-0 14. Ne5 Bf6 15. f3 Bxe5 16. fxe4 fxe4 17. Rxf8+ Qxf8 18. Bxe4 Bxh2+ 19. Kxh2 dxe4 20. Qxe4 Qf7 21. Bd2 Qh5+ 22. Kg1 Rf8 23. Rf1 Rxf1+ 24. Kxf1 Qf5+ 25. Qf4 g5 26. Qf3 g4 27. Qf4 Qxf4+ 28. exf4 Kf7 29. Ke2 Kf6 30. Ke3 Kf5 31. Be1 Be8 32. Bh4 Bd7 33. Bd8 Be8 34. Bc7 Bd7 35. Bb8 a6 36. Be5 Be8 37. Kd3 h5 38. g3 Bf7 39. a3 Be8 40. Bc7 Bf7 41. Bd8 Be8 42. Be7 Bf7 43. Bd8 1/2-1/2

[Event "Muensterland Verbandsklasse 1819"]
[Site "Germany"]
[Date "2018.10.06"]
[Round "2.3"]
[White "Langer, Ralf"]
[Black "Binger, Friedhelm"]
[Result "1/2-1/2"]
[WhiteElo "1734"]
[BlackElo "1716"]
[PlyCount "31"]
[EventDate "2018.09.15"]
[EventType "team-tourn"]
[EventRounds "9"]
[EventCountry "GER"]
[SourceTitle "EXT 2020"]
[Source "ChessBase"]
[SourceDate "2019.10.17"]
[SourceVersion "1"]
[SourceVersionDate "2019.10.17"]
[SourceQuality "1"]
[WhiteTeam "Ibbenbueren"]
[BlackTeam "Gronau II"]
[WhiteTeamCountry "GER"]
[BlackTeamCountry "GER"]

1. d4 d5 2. Nf3 Nf6 3. Bf4 e6 4. e3 Bd6 5. Bg3 Ne4 6. Nbd2 Nxg3 7. hxg3 c5 8. c3 Nd7 9. Bd3 h6 10. Qe2 cxd4 11. exd4 a6 12. Ne5 Bxe5 13. dxe5 Qc7 14. Nf3 b5 15. 0-0 0-0 16. Rfe1 1/2-1/2

[Event "Steinfurt Bezirksliga 1617"]
[Site "Germany"]
[Date "2017.03.04"]
[Round "7.3"]
[White "Bahr, Maximilian"]
[Black "Langer, Ralf"]
[Result "0-1"]
[WhiteElo "1655"]
[BlackElo "1708"]
[PlyCount "66"]
[EventDate "2016.09.24"]
[EventType "team"]
[EventRounds "9"]
[EventCountry "GER"]
[SourceTitle "EXT 2018"]
[Source "ChessBase"]
[SourceDate "2017.10.13"]
[SourceVersion "1"]
[SourceVersionDate "2017.10.13"]
[SourceQuality "1"]
[WhiteTeam "Emsdetten Rochade IV"]
[BlackTeam "Ibbenbueren"]
[WhiteTeamCountry "GER"]
[BlackTeamCountry "GER"]

1. b4 c6 2. c4 Nf6 3. Bb2 d6 4. e3 e5 5. Nc3 Be7 6. Nf3 Bg4 7. Be2 0-0 8. d4 e4 9. Nd2 Bxe2 10. Qxe2 d5 11. b5 Nbd7 12. 0-0 Bd6 13. a4 h5 14. cxd5 cxd5 15. Rac1 Rc8 16. Nxd5 Nxd5 17. Rxc8 Qxc8 18. Nxe4 Qb8 19. Qxh5 N7f6 20. Nxf6+ Nxf6 21. Qh4 Re8 22. g3 Ne4 23. d5 Nd2 24. Qg4 Be5 25. Bxe5 Qxe5 26. Rd1 Qxd5 27. Qe2 Rd8 28. Rc1 Nf3+ 29. Kf1 Nxh2+ 30. Kg1 Nf3+ 31. Kf1 Ne5 32. Kg1 Nf3+ 33. Kf1 Nd4 0-1

[Event "Steinfurt Bezirksliga 1617"]
[Site "Germany"]
[Date "2016.12.10"]
[Round "4.6"]
[White "Langer, Ralf"]
[Black "Willermann, Norbert"]
[Result "1-0"]
[WhiteElo "1708"]
[BlackElo "1633"]
[PlyCount "97"]
[EventDate "2016.09.24"]
[EventType "team"]
[EventRounds "9"]
[EventCountry "GER"]
[SourceTitle "EXT 2018"]
[Source "ChessBase"]
[SourceDate "2017.10.13"]
[SourceVersion "1"]
[SourceVersionDate "2017.10.13"]
[SourceQuality "1"]
[WhiteTeam "Ibbenbueren"]
[BlackTeam "Emsdetten Rochade III"]
[WhiteTeamCountry "GER"]
[BlackTeamCountry "GER"]

1. d4 Nf6 2. Nf3 g6 3. c4 c5 4. Nc3 cxd4 5. Nxd4 Nc6 6. e4 Bg7 7. Be3 0-0 8. f3 d6 9. Be2 Bd7 10. Qd2 a6 11. 0-0 Rc8 12. Rac1 Nxd4 13. Bxd4 Bc6 14. Nd5 Bxd5 15. cxd5 Qd7 16. b4 b5 17. a4 Qb7 18. axb5 axb5 19. Ra1 Ra8 20. Qd3 Rfb8 21. Rxa8 Rxa8 22. Rc1 Nh5 23. Bxg7 Kxg7 24. Qc3+ Nf6 25. Qc7 Rb8 26. Qxb7 Rxb7 27. Ra1 Ne8 28. Kf2 Nc7 29. Ke3 g5 30. g3 f5 31. Kd4 Kf6 32. exf5 Kxf5 33. Bd3+ Kf6 34. Bxh7 e5+ 35. Ke4 Nxd5 36. Kxd5 Rxh7 37. Ra2 Rd7 38. Kc6 Ke6 39. Kxb5 Rb7+ 40. Ka4 d5 41. b5 Ra7+ 42. Kb3 Rxa2 43. Kxa2 Kd6 44. h4 e4 45. fxe4 dxe4 46. Kb2 gxh4 47. gxh4 Kc5 48. Kc3 Kxb5 49. h5 1-0

[Event "Steinfurt Bezirksliga 1516"]
[Site "Germany"]
[Date "2016.01.23"]
[Round "5.4"]
[White "Langer, Ralf"]
[Black "Beimdiek, Reiner"]
[Result "1/2-1/2"]
[WhiteElo "1724"]
[BlackElo "1765"]
[PlyCount "86"]
[EventDate "2015.09.19"]
[EventType "team-tourn"]
[EventRounds "9"]
[EventCountry "GER"]
[SourceTitle "EXT 2017"]
[Source "ChessBase"]
[SourceDate "2016.10.25"]
[SourceVersion "1"]
[SourceVersionDate "2016.10.25"]
[SourceQuality "1"]
[WhiteTeam "Ibbenbueren"]
[BlackTeam "Westerkappeln"]
[WhiteTeamCountry "GER"]
[BlackTeamCountry "GER"]

1. d4 Nf6 2. Nf3 e6 3. Bf4 b6 4. e3 Bb7 5. Bd3 Be7 6. Nbd2 0-0 7. h3 c5 8. c3 d5 9. Ne5 Nbd7 10. 0-0 Ne4 11. f3 Nxd2 12. Qxd2 Nxe5 13. Bxe5 f6 14. Bg3 Bd6 15. Qf2 f5 16. Bxd6 Qxd6 17. f4 a5 18. Qe2 c4 19. Bc2 b5 20. a3 b4 21. Qd2 b3 22. Bd1 Bc6 23. Bf3 Qe7 24. Kh2 Kh8 25. g4 g6 26. Qf2 Rg8 27. Rh1 Rg7 28. Rag1 Rag8 29. Kg2 g5 30. Kf1 Qf6 31. Be2 Qg6 32. gxf5 Qxf5 33. Bd1 gxf4 34. Rxg7 Rxg7 35. Qxf4 Qxf4+ 36. exf4 Rf7 37. Bf3 Rxf4 38. Ke2 Kg7 39. Ke3 Rf6 40. Rg1+ Rg6 41. Rxg6+ Kxg6 42. Kf4 Kf6 43. h4 Be8 1/2-1/2

[Event "Muensterland Verbandsklasse 1415"]
[Site "Germany"]
[Date "2015.02.07"]
[Round "6.5"]
[White "Langer, Ralf"]
[Black "Kaiser, Guenter1111"]
[Result "0-1"]
[WhiteElo "1734"]
[BlackElo "1627"]
[PlyCount "44"]
[EventDate "2014.09.13"]
[EventType "team-tourn"]
[EventRounds "9"]
[EventCountry "GER"]
[SourceTitle "EXT 2016"]
[Source "ChessBase"]
[SourceDate "2015.10.08"]
[SourceVersion "1"]
[SourceVersionDate "2015.10.08"]
[SourceQuality "1"]
[WhiteTeam "Ibbenbueren"]
[BlackTeam "Ochtrup"]
[WhiteTeamCountry "GER"]
[BlackTeamCountry "GER"]

1. d4 d5 2. c4 c6 3. Nc3 e6 4. Nf3 dxc4 5. a4 Bb4 6. e3 b5 7. Ne5 Bb7 8. Bd2 Bxc3 9. Bxc3 a5 10. Qf3 Qf6 11. axb5 Qxf3 12. gxf3 cxb5 13. e4 f6 14. Ng4 b4 15. Bd2 Nc6 16. Bxc4 Nxd4 17. Kf1 Nxf3 18. Bb5+ Kf7 19. Bf4 Bxe4 20. Rc1 Ne7 21. Be3 h5 22. Nh6+ gxh6 0-1

[Event "Muensterland Verbandsklasse 1415"]
[Site "Germany"]
[Date "2015.01.10"]
[Round "5.5"]
[White "Holstegge, Ludger"]
[Black "Langer, Ralf"]
[Result "1/2-1/2"]
[WhiteElo "1814"]
[BlackElo "1734"]
[PlyCount "51"]
[EventDate "2014.09.13"]
[EventType "team-tourn"]
[EventRounds "9"]
[EventCountry "GER"]
[SourceTitle "EXT 2016"]
[Source "ChessBase"]
[SourceDate "2015.10.08"]
[SourceVersion "1"]
[SourceVersionDate "2015.10.08"]
[SourceQuality "1"]
[WhiteTeam "Nordwalde"]
[BlackTeam "Ibbenbueren"]
[WhiteTeamCountry "GER"]
[BlackTeamCountry "GER"]

1. c4 Nf6 2. Nc3 g6 3. d4 Bg7 4. e4 d6 5. Bd3 0-0 6. Nge2 Nbd7 7. 0-0 e5 8. d5 Nc5 9. Bc2 a5 10. f3 Nh5 11. g4 Nf6 12. Bg5 Bd7 13. Qd2 Qc8 14. Ng3 Kh8 15. a3 a4 16. Be3 b6 17. Rfb1 Ng8 18. b4 axb3 19. Bxb3 f5 20. Bxc5 bxc5 21. h3 fxg4 22. fxg4 Qd8 23. Kg2 Bh6 24. Qd3 Qh4 25. Rf1 Bf4 26. Nce2 1/2-1/2

[Event "Muensterland Verbandsklasse 1415"]
[Site "Germany"]
[Date "2014.09.13"]
[Round "1.4"]
[White "Harbers, Gerard"]
[Black "Langer, Ralf"]
[Result "1/2-1/2"]
[WhiteElo "1880"]
[BlackElo "1734"]
[PlyCount "46"]
[EventDate "2014.09.13"]
[EventType "team-tourn"]
[EventRounds "9"]
[EventCountry "GER"]
[SourceTitle "EXT 2016"]
[Source "ChessBase"]
[SourceDate "2015.10.08"]
[SourceVersion "1"]
[SourceVersionDate "2015.10.08"]
[SourceQuality "1"]
[WhiteTeam "Suedlohn II"]
[BlackTeam "Ibbenbueren"]
[WhiteTeamCountry "GER"]
[BlackTeamCountry "GER"]

1. e4 c5 2. Nf3 Nc6 3. d4 cxd4 4. Nxd4 Qb6 5. Nb3 Nf6 6. Nc3 e6 7. Be3 Qc7 8. a3 a6 9. Be2 Be7 10. 0-0 b5 11. f3 0-0 12. Qd2 Bd6 13. f4 Be7 14. e5 Ne8 15. Ne4 d6 16. exd6 Nxd6 17. Nxd6 Bxd6 18. Bf3 Rb8 19. Rad1 Rd8 20. Qc3 Bb7 21. Bxc6 Qxc6 22. Qxc6 Bxc6 23. Nc5 Bxc5 1/2-1/2

[Event "Muensterland Verbandsklasse 1314"]
[Site "Germany"]
[Date "2014.03.08"]
[Round "7.3"]
[White "Langer, Ralf"]
[Black "Rudde, Simon"]
[Result "1/2-1/2"]
[WhiteElo "1768"]
[BlackElo "1691"]
[PlyCount "50"]
[EventDate "2013.09.21"]
[EventType "team-tourn"]
[EventRounds "9"]
[EventCountry "GER"]
[SourceTitle "EXT 2015"]
[Source "ChessBase"]
[SourceDate "2014.11.20"]
[SourceVersion "1"]
[SourceVersionDate "2014.11.20"]
[SourceQuality "1"]
[WhiteTeam "Ibbenbueren"]
[BlackTeam "Ahaus Wessum II"]
[WhiteTeamCountry "GER"]
[BlackTeamCountry "GER"]

1. d4 d5 2. Nf3 Nf6 3. c4 e6 4. Nc3 c6 5. Bf4 Bd6 6. Bg3 Bxg3 7. hxg3 Nbd7 8. e3 Qe7 9. Be2 0-0 10. Qc2 g6 11. 0-0 dxc4 12. Bxc4 b5 13. Bd3 Bb7 14. Ne4 Nxe4 15. Bxe4 Rac8 16. Rac1 e5 17. Nxe5 Nxe5 18. dxe5 Qxe5 19. b4 Rfd8 20. Bf3 Rd6 21. Rfd1 Rcd8 22. Rxd6 Rxd6 23. Rd1 Kf8 24. a3 Ke7 25. Rxd6 Kxd6 1/2-1/2

[Event "Muensterland Verbandsklasse 1314"]
[Site "Germany"]
[Date "2013.12.21"]
[Round "4.2"]
[White "Langer, Ralf"]
[Black "Te Sligte, Bert"]
[Result "0-1"]
[WhiteElo "1768"]
[BlackElo "1836"]
[PlyCount "76"]
[EventDate "2013.09.21"]
[EventType "team-tourn"]
[EventRounds "9"]
[EventCountry "GER"]
[SourceTitle "EXT 2015"]
[Source "ChessBase"]
[SourceDate "2014.11.20"]
[SourceVersion "1"]
[SourceVersionDate "2014.11.20"]
[SourceQuality "1"]
[WhiteTeam "Ibbenbueren"]
[BlackTeam "Stadtlohn"]
[WhiteTeamCountry "GER"]
[BlackTeamCountry "GER"]

1. d4 Nf6 2. c4 c5 3. Nf3 e6 4. Nc3 d5 5. Bg5 cxd4 6. Nxd4 Nc6 7. e3 Be7 8. Be2 0-0 9. 0-0 dxc4 10. Nxc6 bxc6 11. Bxc4 Qa5 12. Bh4 Rd8 13. Qe2 Bb7 14. Rfd1 h6 15. e4 Kf8 16. f4 Qb6+ 17. Kh1 c5 18. f5 e5 19. Bxf6 Qxf6 20. Bd5 Ba6 21. Bc4 Bb7 22. Nd5 Bxd5 23. Rxd5 Rxd5 24. Bxd5 Rb8 25. b3 Kg8 26. Qc4 Rb4 27. Qd3 Rd4 28. Qb5 Rd2 29. Qf1 Qh4 30. a4 Bg5 31. Bxf7+ Kxf7 32. Qc4+ Kf8 33. Qxc5+ Be7 34. Qc8+ Bd8 35. Qc3 Qg5 36. g3 Bb6 37. Qxe5 Qe3 38. f6 Qf3# 0-1

[Event "Muensterland Verbandsklasse-A 1213"]
[Site "Germany"]
[Date "2013.03.16"]
[Round "7.4"]
[White "Steffens, Gerd"]
[Black "Langer, Ralf"]
[Result "1/2-1/2"]
[WhiteElo "1825"]
[BlackElo "1777"]
[PlyCount "55"]
[EventDate "2012.09.15"]
[EventType "team-tourn"]
[EventRounds "9"]
[EventCountry "GER"]
[SourceTitle "EXT 2015"]
[Source "ChessBase"]
[SourceDate "2014.11.20"]
[SourceVersion "1"]
[SourceVersionDate "2014.11.20"]
[SourceQuality "1"]
[WhiteTeam "Olfen"]
[BlackTeam "Ibbenbueren"]
[WhiteTeamCountry "GER"]
[BlackTeamCountry "GER"]

1. e4 c5 2. Nc3 Nc6 3. f4 e6 4. Nf3 d6 5. Bc4 Nf6 6. d3 Be7 7. 0-0 a6 8. a3 b5 9. Bb3 Qb6 10. Kh1 0-0 11. Qe1 Nd4 12. Nxd4 cxd4 13. Ne2 e5 14. Qg3 Nh5 15. Qf3 Nf6 16. Ng3 Bg4 17. Qf2 Be6 18. Nf5 Bxf5 19. fxe5 Be6 20. exf6 Bxf6 21. Qg3 Be5 22. Bf4 Qc5 23. Rf2 Bxb3 24. cxb3 Rac8 25. b4 Bxf4 26. Qxf4 Qe5 27. Qd2 g6 28. Raf1 1/2-1/2

[Event "Muensterland Verbandsklasse-A 1213"]
[Site "Germany"]
[Date "2012.11.17"]
[Round "3.5"]
[White "Langer, Ralf"]
[Black "Darwisch, Mohamed"]
[Result "1/2-1/2"]
[WhiteElo "1777"]
[BlackElo "1832"]
[PlyCount "93"]
[EventDate "2012.09.15"]
[EventType "team-tourn"]
[EventRounds "9"]
[EventCountry "GER"]
[SourceTitle "EXT 2015"]
[Source "ChessBase"]
[SourceDate "2014.11.20"]
[SourceVersion "1"]
[SourceVersionDate "2014.11.20"]
[SourceQuality "1"]
[WhiteTeam "Ibbenbueren"]
[BlackTeam "Ahaus Wessum"]
[WhiteTeamCountry "GER"]
[BlackTeamCountry "GER"]

1. d4 Nf6 2. c4 c5 3. Nf3 g6 4. Nc3 cxd4 5. Nxd4 Bg7 6. e4 d6 7. Be2 0-0 8. Be3 Nc6 9. 0-0 Bd7 10. Qd2 Ng4 11. Bxg4 Bxg4 12. Rac1 Rc8 13. Nxc6 bxc6 14. Bxa7 Ra8 15. Bd4 e5 16. Be3 Qb8 17. b3 Rd8 18. f3 Be6 19. Rfd1 f5 20. Qc2 f4 21. Bf2 Qb4 22. Qd2 Qa5 23. Na4 Qa6 24. Bb6 Rd7 25. Bf2 Rdd8 26. c5 d5 27. exd5 Rxd5 28. Qc2 Rad8 29. Nc3 Bf5 30. Ne4 Bxe4 31. fxe4 Rd3 32. a4 Bf8 33. b4 Rxd1+ 34. Rxd1 Rxd1+ 35. Qxd1 Qc4 36. Qb1 g5 37. h3 Kg7 38. b5 Bxc5 39. b6 Bxf2+ 40. Kxf2 Qd4+ 41. Kf1 f3 42. gxf3 Qe3 43. Qd1 Qxb6 44. Qd7+ Kh6 45. Qe6+ Kh5 46. Qxe5 Qa6+ 47. Kf2 1/2-1/2

[Event "Steinfurt Bezirksliga 1112"]
[Site "Germany"]
[Date "2012.03.31"]
[Round "7.1"]
[White "Just, Sergey"]
[Black "Langer, Ralf"]
[Result "1/2-1/2"]
[WhiteElo "1691"]
[BlackElo "1786"]
[PlyCount "34"]
[EventDate "2011.10.01"]
[EventType "team-tourn"]
[EventRounds "9"]
[EventCountry "GER"]
[SourceTitle "EXT 2013"]
[Source "ChessBase"]
[SourceDate "2012.11.22"]
[SourceVersion "1"]
[SourceVersionDate "2012.11.22"]
[SourceQuality "1"]
[WhiteTeam "Steinfurt II"]
[BlackTeam "Westerkappeln"]
[WhiteTeamCountry "GER"]
[BlackTeamCountry "GER"]

1. d4 Nf6 2. Nf3 e6 3. Bf4 c5 4. e3 Qb6 5. b3 cxd4 6. Qxd4 Bc5 7. Qd3 Nc6 8. c3 d5 9. Be2 0-0 10. 0-0 Re8 11. Ne5 Nd7 12. Nxf7 Kxf7 13. Qxh7 Nf6 14. Bh5+ Nxh5 15. Qxh5+ Kf8 16. Qh8+ Kf7 17. Qh5+ Kf8 1/2-1/2

[Event "Steinfurt Bezirksliga 1112"]
[Site "Germany"]
[Date "2012.03.03"]
[Round "6.1"]
[White "Langer, Ralf"]
[Black "Hartmann, Eugen"]
[Result "0-1"]
[WhiteElo "1786"]
[BlackElo "1718"]
[PlyCount "52"]
[EventDate "2011.10.01"]
[EventType "team-tourn"]
[EventRounds "9"]
[EventCountry "GER"]
[SourceTitle "EXT 2013"]
[Source "ChessBase"]
[SourceDate "2012.11.22"]
[SourceVersion "1"]
[SourceVersionDate "2012.11.22"]
[SourceQuality "1"]
[WhiteTeam "Westerkappeln"]
[BlackTeam "Ibbenbueren II"]
[WhiteTeamCountry "GER"]
[BlackTeamCountry "GER"]

1. e4 c6 2. d4 d5 3. Nc3 dxe4 4. Nxe4 Bf5 5. Ng3 Bg6 6. Nf3 Qc7 7. h4 h6 8. Ne5 Bh7 9. Bc4 e6 10. Bf4 Bd6 11. Nh5 g6 12. Qg4 Qe7 13. 0-0-0 gxh5 14. Qxh5 Qf6 15. Bg3 Qf5 16. Qe2 Nf6 17. d5 cxd5 18. Bb5+ Ke7 19. Rd3 Ne4 20. Ng4 Nc6 21. Nxh6 Bf4+ 22. Bxf4 Qxf4+ 23. Kb1 Qxh6 24. Bxc6 bxc6 25. Rb3 Rhb8 26. Qa6 Nd2+ 0-1

[Event "Steinfurt Bezirksliga 1112"]
[Site "Germany"]
[Date "2011.11.05"]
[Round "2.1"]
[White "Langer, Ralf"]
[Black "Sommer, Uwe"]
[Result "0-1"]
[WhiteElo "1786"]
[BlackElo "2009"]
[PlyCount "66"]
[EventDate "2011.10.01"]
[EventType "team-tourn"]
[EventRounds "9"]
[EventCountry "GER"]
[SourceTitle "EXT 2013"]
[Source "ChessBase"]
[SourceDate "2012.11.22"]
[SourceVersion "1"]
[SourceVersionDate "2012.11.22"]
[SourceQuality "1"]
[WhiteTeam "Westerkappeln"]
[BlackTeam "Neuenkirchen II"]
[WhiteTeamCountry "GER"]
[BlackTeamCountry "GER"]

1. e4 e5 2. Nf3 Nc6 3. Bb5 a6 4. Bxc6 dxc6 5. 0-0 f6 6. d4 Bg4 7. dxe5 Qxd1 8. Rxd1 fxe5 9. Rd3 Bd6 10. Be3 Nf6 11. Nfd2 Be6 12. Nc3 0-0 13. f3 b5 14. Nb3 Nd7 15. Rad1 a5 16. Rxd6 cxd6 17. Rxd6 Rfe8 18. Rxc6 a4 19. Nc5 Nxc5 20. Rxc5 b4 21. Nd5 Bxd5 22. exd5 Rec8 23. c3 a3 24. b3 Rxc5 25. Bxc5 bxc3 26. Kf2 c2 27. Be3 Rd8 28. Bc1 Rxd5 29. Bxa3 Rd1 30. Ke3 c1Q+ 31. Bxc1 Rxc1 32. Kd3 Kf7 33. a4 Ke6 0-1

[Event "Steinfurt Bezirksliga 1112"]
[Site "Germany"]
[Date "2011.10.01"]
[Round "1.1"]
[White "Langer, Ralf"]
[Black "Guennigmann, Stefan"]
[Result "1/2-1/2"]
[WhiteElo "1786"]
[BlackElo "1782"]
[PlyCount "25"]
[EventDate "2011.10.01"]
[EventType "team-tourn"]
[EventRounds "9"]
[EventCountry "GER"]
[SourceTitle "EXT 2013"]
[Source "ChessBase"]
[SourceDate "2012.11.22"]
[SourceVersion "1"]
[SourceVersionDate "2012.11.22"]
[SourceQuality "1"]
[WhiteTeam "Westerkappeln"]
[BlackTeam "Saerbeck II"]
[WhiteTeamCountry "GER"]
[BlackTeamCountry "GER"]

1. e4 c5 2. Nf3 Nc6 3. d4 cxd4 4. Nxd4 g6 5. c4 Bg7 6. Be3 Nf6 7. Nc3 0-0 8. Be2 b6 9. 0-0 Bb7 10. f3 d6 11. Qd2 Rc8 12. Rac1 a6 13. Nd5 1/2-1/2

[Event "Muensterland Verbandsklasse-B 1011"]
[Site "Germany"]
[Date "2011.03.12"]
[Round "8.1"]
[White "Langer, Ralf"]
[Black "Muth, Josef"]
[Result "1/2-1/2"]
[WhiteElo "1755"]
[BlackElo "2053"]
[PlyCount "37"]
[EventDate "2010.09.18"]
[EventType "team-tourn"]
[EventRounds "9"]
[EventCountry "GER"]
[SourceTitle "EXT 2012"]
[Source "ChessBase"]
[SourceDate "2011.11.24"]
[SourceVersion "1"]
[SourceVersionDate "2011.11.24"]
[SourceQuality "1"]
[WhiteTeam "Westerkappeln"]
[BlackTeam "Telgte"]
[WhiteTeamCountry "GER"]
[BlackTeamCountry "GER"]

1. c4 c5 2. Nc3 g6 3. Nf3 Bg7 4. d4 cxd4 5. Nxd4 Nc6 6. Nb3 Nf6 7. e4 d6 8. Be2 0-0 9. Be3 b6 10. f3 Ba6 11. Nd4 Nxd4 12. Bxd4 Qd7 13. 0-0 Rac8 14. b3 Bb7 15. Qd2 Ba8 16. Rac1 Rfd8 17. Nd5 Ne8 18. Bxg7 Nxg7 19. Qg5 1/2-1/2

[Event "Muensterland Verbandsklasse-B 1011"]
[Site "Germany"]
[Date "2010.11.13"]
[Round "3.1"]
[White "Rosing, Hermann"]
[Black "Langer, Ralf"]
[Result "1/2-1/2"]
[WhiteElo "1984"]
[BlackElo "1755"]
[PlyCount "30"]
[EventDate "2010.09.18"]
[EventType "team-tourn"]
[EventRounds "9"]
[EventCountry "GER"]
[SourceTitle "EXT 2012"]
[Source "ChessBase"]
[SourceDate "2011.11.24"]
[SourceVersion "1"]
[SourceVersionDate "2011.11.24"]
[SourceQuality "1"]
[WhiteTeam "Ahaus Wessum"]
[BlackTeam "Westerkappeln"]
[WhiteTeamCountry "GER"]
[BlackTeamCountry "GER"]

1. e4 c5 2. Nf3 Nc6 3. d4 cxd4 4. Nxd4 Qb6 5. Nb3 Nf6 6. Nc3 e6 7. Be3 Qc7 8. a3 a6 9. g4 d6 10. g5 Nd7 11. Qd2 Be7 12. h4 b5 13. f4 Nb6 14. 0-0-0 Na4 15. Ne2 b4 1/2-1/2

[Event "Muensterland Verbandsklasse-B 1011"]
[Site "Germany"]
[Date "2010.10.09"]
[Round "2.1"]
[White "Langer, Ralf"]
[Black "Sicking, Norbert"]
[Result "1/2-1/2"]
[WhiteElo "1755"]
[BlackElo "1761"]
[PlyCount "56"]
[EventDate "2010.09.18"]
[EventType "team-tourn"]
[EventRounds "9"]
[EventCountry "GER"]
[SourceTitle "EXT 2012"]
[Source "ChessBase"]
[SourceDate "2011.11.24"]
[SourceVersion "1"]
[SourceVersionDate "2011.11.24"]
[SourceQuality "1"]
[WhiteTeam "Westerkappeln"]
[BlackTeam "Heiden II"]
[WhiteTeamCountry "GER"]
[BlackTeamCountry "GER"]

1. d4 Nf6 2. c4 g6 3. Nc3 Bg7 4. e4 d6 5. Nf3 0-0 6. Be2 c6 7. 0-0 Bg4 8. Be3 Nbd7 9. Qc2 Qc7 10. Rfd1 a6 11. b4 Rac8 12. Rab1 b5 13. c5 dxc5 14. dxc5 Bxf3 15. Bxf3 Ne5 16. Be2 Neg4 17. Bxg4 Nxg4 18. g3 Nxe3 19. fxe3 Rfd8 20. Ne2 Bh6 21. Kf2 Qe5 22. Rd3 Qc7 23. Rbd1 Bg7 24. Qd2 Rxd3 25. Qxd3 a5 26. a3 axb4 27. axb4 Kf8 28. Qd7 Qxd7 1/2-1/2